000 00601nam a2200205 u 4500
005 20240606063659.0
008 190125s2013 mx r 000 0 spa d
020 _a9786077075172
035 _aUPN01000228637
049 _aCG
050 4 _aHF5549.5 E4.3
_bG6.2
100 1 _aGonzález Miers, María del Rocío
_940868
245 1 0 _aAcoso laboral (mobbing) y liderazgo /
_cMaría del Rocío González Miers.
260 _aMéxico :
_bAlfaomega,
_cc2013.
300 _a138 p.
650 4 _aAcoso en el lugar de trabajo
_910707
650 4 _aLiderazgo
_95345
905 _aLibro
999 _c200732
_d200732